000 00533nam a22002057a 4500
003 OSt
005 20140310182958.0
008 130208t xxu||||| |||| 00| 0 eng d
020 _a9718581294
050 _aLB 1025
_b.C127 1998
100 _aCalderon, Jose F.
245 _aPrinciples and practices of teaching /
_cJose F. Calderon.
260 _aQuezon City :
_b Great Books Trading,
_c1998.
300 _a350 p. :
_c22 cm.
521 _aEDU
942 _2lcc
_cBK
_kLOC
999 _c18039
_d18039